La Situación sudamericana /
Guardado en:
| Autor principal: | |
|---|---|
| Formato: | Texto |
| Materias: | |
| Etiquetas: |
Agregar Etiqueta
Sin Etiquetas, Sea el primero en etiquetar este registro!
|
MARC
| LEADER | 00000 a a2200000 04500 | ||
|---|---|---|---|
| 001 | 9003 | ||
| 003 | |||
| 040 | |||
| 100 | |a López, Ernesto | ||
| 245 | |a La Situación sudamericana / |c Ernesto López | ||
| 650 | |a CIENCIAS SOCIALES | ||
| 650 | |a ANALISIS REGIONAL | ||
| 650 | |a RELACIONES ECONOMICAS INTERNACIONALES | ||
| 650 | |a RELACIONES EXTERIORES | ||
| 650 | |a POLITICA ECONOMICA | ||
| 650 | |a AMERICA DEL SUR | ||
| 773 | |g número 195; páginas 51-59 | ||
| 999 | |c 39475 |d 39475 | ||
